01375cam a22003494i 4500003000900000005001700009008004100026035001800067040003300085050002000118082001700138100002600155245003800181264007200219300005300291336002100344337002500365338002300390505049900413526001000912526001000922526001000932526001000942526000800952526000800960526000800968526000800976526000800984526000800992526000801000650001701008PE-LiUPU20250731173520.0150616s1966 miu r 000 0 eng d a(Sirsi) a8258 aPE-LiUPUbspacPE-LiUPUerda aBV741qK28 197804a236bK222211 aKaplan, S.A.,eautor.10aCan Persecution arise in America. 1aWashington D.C. :bReview and Herald Publishing Association,c1966. a128 páginas :bilustraciones (fotos) ;c20 cm. atext2rdacontent aunmediated2rdamedia avolume2rdacarrier0 aStop, look and listen! -- It Happened her -- Danger ahead: Religious Legislation! -- Prelude to persecution: Sunday blue laws -- Which day did god appoint as the sabbath? -- Is Satuday the true historic seventh day? -- Who changed the sabbath day? -- The blank-Day Calendar-Threat to etrnal jewish Verities -- Ecumenism-A coming dictatorship of the majorrity? -- The soon-comong contest -- Is a state church emerging in the U.S.A.? -- Will there be persecution in america? -- What you can do. aSEG42 aSEG41 aSEG40 aSEG39 aP94 aP87 aP86 aP85 aP77 aP76 aP3504aESCATOLOGIA.